Projekt ako nástroj zmeny v podniku diplomová práca

Enregistré dans:
Détails bibliographiques
Auteur principal: Wachterová, Alexandra
Collectivité auteur: Fakulta podnikového manažmentu EU. Katedra manažmentu
Autres auteurs: Majtán, Miroslav
Format: Livre
Langue:slovaque
Publié: Bratislava 2010
Tags: Ajouter un tag
Pas de tags, Soyez le premier à ajouter un tag!

MARC

LEADER 00000nam a2200000 4500
001 0119952
005 20240318123303.3
041 0 |a slo 
044 |a SK 
245 1 0 |a Projekt ako nástroj zmeny v podniku  |b diplomová práca  |c Alexandra Wachterová ; škol. Miroslav Majtán 
264 1 |a Bratislava  |c 2010 
300 |a 96 s. 
100 1 |a Wachterová, Alexandra 
700 1 |a Majtán, Miroslav 
710 2 |a Fakulta podnikového manažmentu EU. Katedra manažmentu